00867pam a2200253 i 450000500170000000800410001702000380005804000250009608200170012110000420013824500830018024600190026326400690028230000230035133600210037433700250039533800230042050400340044365000300047765000180050765000250052570000320055070000310058220200302125327.0190410s2019 my e 000 f may  a9789674980283qpaperbackcRM25.00 aPPAKbengcPPAKerda04a899.23332230 aRamlee Awang Murshid,eauthor.d1967-10a9 NYAWA /cRAMLEE AWANG MURSHID ; Editor : Patonah Chai Choh, Ruzita Awaluddin3 aSembilan Nyawa 1aShah Alam, Selangor :bGRUP BUKU KARANGKRAF SDN. BHD., c[2019?] a519 pages ;c19 cm atext2rdacontent aunmediated2rdamedia avolume2rdacarrier aBibliography : pages 518-519.14aMalaysian fiction (Malay)20aMalay fiction20aAdult fiction, Malay0 aPatonah Chai Choh,eeditor.0 aRuzita Awaluddin,eeditor.